Improvements to the policy and legal framework for public rights of way (Record no. 114246)

MARC details
000 -LEADER
fixed length control field 01078cad a22002055a 4500
001 - CONTROL NUMBER
control field L156419
008 - FIXED-LENGTH DATA ELEMENTS--GENERAL INFORMATION
fixed length control field 120518s2012 xxk f 000 0 eng d
035 ## - SYSTEM CONTROL NUMBER
System control number (Sirsi) u156419
041 0# - LANGUAGE CODE
Language code of text/sound track or separate title eng
110 2# - MAIN ENTRY--CORPORATE NAME
Corporate name or jurisdiction name as entry element United Kingdom
Subordinate unit Department for Environment, Food and Rural Affairs
245 00 - TITLE STATEMENT
Title Improvements to the policy and legal framework for public rights of way
Remainder of title a public consultation
Medium [electronic resource]
260 ## - PUBLICATION, DISTRIBUTION, ETC.
Place of publication, distribution, etc. DEFRA
Name of publisher, distributor, etc. London
Date of publication, distribution, etc. 2012
520 ## - SUMMARY, ETC.
Summary, etc. Consultation seeks views on a proposed package of changes to the processes for recording, diverting and extinguishing public rights of way. These plans are expected to cut the time taken to record a right of way by several years and make it easier for walkers, horse riders and cyclists to protect unrecorded rights of way. The consultation closes on 6 August 2012.
590 ## - LOCAL NOTE (RLIN)
Local note KA NTK
651 #4 - SUBJECT ADDED ENTRY--GEOGRAPHIC NAME
Geographic name England
Chronological subdivision 886-
690 ## - LOCAL SUBJECT ADDED ENTRY--TOPICAL TERM (OCLC, RLIN)
Topical term or geographic name as entry element Land use
9 (RLIN) 6251
690 ## - LOCAL SUBJECT ADDED ENTRY--TOPICAL TERM (OCLC, RLIN)
Topical term or geographic name as entry element Environment
9 (RLIN) 6238
856 40 - ELECTRONIC LOCATION AND ACCESS
Uniform Resource Identifier <a href="https://www.defra.gov.uk/consult/files/crow-consult-doc-120116.pdf">https://www.defra.gov.uk/consult/files/crow-consult-doc-120116.pdf</a>
Public note View the consulation at www.defra.gov.uk
942 ## - ADDED ENTRY ELEMENTS (KOHA)
Suppress in OPAC 0
Holdings
Withdrawn status Lost status Source of classification or shelving scheme Damaged status Not for loan Home library Current library Shelving location Date acquired Total Checkouts Full call number Barcode Date last seen Copy number Price effective from Koha item type
    Dewey Decimal Classification     Virtual Virtual Online 18/05/2012   L156419 156419-2001 06/08/2019 1 06/08/2019 Book